000 00885nam a2200181Ia 4500
008 100920s9999 xx 000 0 und d
082 _b86055
_a28 व 539 थ 94
100 _aराजगुरू अनिता.
245 _aसामुहिक पी.टी. सामुदायिक कवायत ( शारीरिक शिक्षण ).
260 _bस्पोर्टस्र पब्लिकेशन,पुणे.
_c1994
300 _a35
_bसाधी
365 _b15
520 _aबा.वि.शाअ.
630 _aसामुहिक पी.टी. सामुदायिक कवायत ( शारीरिक शिक्षण ).
650 _aबा.वि.शाअ.
730 _aसामुहिक पी.टी. सामुदायिक कवायत ( शारीरिक शिक्षण ).
942 _cBOOK
999 _c726565
_d726562